000
003320000a22001570004500
005
20120302053224.0
942
_c
BOOK
245
_a
Holy bible
260
_a
London:
_b
British and Foreign Bible,
_c
1920
300
_a
921p
040
_a
ENG
365
_b
Rs.
650
_a
Religion
650
_a
Christian
650
_a
Holy Bible
999
_c
342282
_d
342279